El Palacio de la Diputación Provincial de Barcelona = Le Palais de la Députation = The Palace of the Diputation
Descripción Física:
1 quadernet pleg. : 28 il. ; 23 cm
MARC
| LEADER | 00000nam a2200000Ia 4500 | ||
|---|---|---|---|
| 001 | 9694 | ||
| 008 | 160829s9999 xx 000 0 cat d | ||
| 080 | |a FU-10-72 | ||
| 245 | |a El Palacio de la Diputación Provincial de Barcelona = Le Palais de la Députation = The Palace of the Diputation | ||
| 260 | |a Barcelona : |b (Casa Prov. de Caridad), [s.a.] | ||
| 300 | |a 1 quadernet pleg. : |b 28 il. ; |c 23 cm | ||
| 590 | |a Prové de Q-854 | ||
| 610 | 2 | 0 | |a Palau de la Generalitat de Catalunya |x Història |9 54640 |
| 901 | |a Arxiu | ||
| 942 | |n 1 | ||
| 952 | |0 0 |1 0 |4 0 |6 FU1072 |7 1 |9 54297 |a Arxiu |b Arxiu |d 2016-12-01 |l 0 |o FU-10-72 |p 9694 |r 2016-12-01 00:00:00 |w 2016-12-01 |y ARXIU | ||
| 999 | |c 58166 |d 58166 | ||